ا مر و و (Record no. 178912)

MARC details
000 -LEADER
fixed length control field 00590nam a22001937a 4500
005 - DATE AND TIME OF LATEST TRANSACTION
control field 20210429103530.0
010 ## - LCCN (DPL NO)
LC control number UR-11104
020 ## - INTERNATIONAL STANDARD BOOK NUMBER
Terms of availability 200.00
International Standard Book Number 14-15
035 ## - SYSTEM CONTROL NUMBER
System control number U-9659
037 ## - SOURCE OF ACQUISITION
Source of stock number/acquisition DBAD/PUB
082 ## - DEWEY DECIMAL CLASSIFICATION NUMBER
Classification number 840
100 ## - MAIN ENTRY--PERSONAL NAME
Personal name ا بو الکلا م قا سمی
245 ## - TITLE STATEMENT
Title ا مر و و
Statement of responsibility, etc ا بو الکلا م قا سمی
246 ## - VARYING FORM OF TITLE
Title proper/short title Imroze (Urdu)
Remainder of title by Abulkalam Qasmi
260 ## - PUBLICATION, DISTRIBUTION, ETC. (IMPRINT)
Place of publication, distribution, etc Aligarh
Date of publication, distribution, etc 2020 ء
Name of publisher, distributor, etc Maktaba Jamia Ltd.
270 ## - ADDRESS
Address Qila Road,Shamshad Market,
City Aligarh
Postal code 202001
Fax number -
300 ## - PHYSICAL DESCRIPTION
Extent 304 ص
Dimensions 22 Cm(Hb)
942 ## - ADDED ENTRY ELEMENTS (KOHA)
Source of classification or shelving scheme Dewey Decimal Classification
Item type Urdu Bks
Classification part 840
Call number suffix ق ا س
Holdings
Withdrawn status Lost status Not for loan Collection code Home library Current library Date acquired Source of acquisition Cost, normal purchase price Full call number Barcode Copy number Cost, replacement price Koha item type
      Non-fiction Central Library Central Library 29/04/2021 DBAD/PUB 200.00 840 ق ا س U-9659 1 200.00 Urdu Bks

© Delhi Public Library
Hit Counter
free hit counter